कम्युनिस्ट चीन :अवैध अस्तित्व (Record no. 32069)

MARC details
000 -LEADER
fixed length control field 00388nam a22001217a 4500
003 - CONTROL NUMBER IDENTIFIER
control field SGT
082 ## - DEWEY DECIMAL CLASSIFICATION NUMBER
Classification number 320
Item number C23K
100 ## - MAIN ENTRY--PERSONAL NAME
Personal name केडिया, कुसुमलता प्रभात
245 ## - TITLE STATEMENT
Title कम्युनिस्ट चीन :अवैध अस्तित्व
260 ## - PUBLICATION, DISTRIBUTION, ETC. (IMPRINT)
Name of publisher, distributor, etc प्रभात पेपरबैक्स
Year of Publication 2023
300 ## - PAGE DESCRIPTION
No. of Pages 190
942 ## - ADDED ENTRY ELEMENTS (KOHA)
Source of classification or shelving scheme Dewey Decimal Classification
Koha item type Books
Holdings
Withdrawn status Lost status Source of classification or shelving scheme Damaged status Not for loan Home library Current library Shelving location Date acquired SGTU Total Checkouts Full call number Accession No. (Barcode) Date last seen Bill Date Koha item type
    Dewey Decimal Classification   Not For Loan SGT Chancellor's Library SGT Chancellor's Library Reference Book 07/07/2025 SGTU   320 C23K CH4091 07/07/2025 07/07/2025 Books